How to gamble if you must ; inequalities for stochastic processes /
Guardado en:
| Autor Principal: | |
|---|---|
| Otros Autores: | |
| Formato: | Libro |
| Idioma: | English |
| Publicado: |
New York :
McGraw-Hill,
[1965]
|
| Series: | McGraw-Hill series in probability and statistics
|
| Materias: | |
| Etiquetas: |
Agregar Etiqueta
Sin Etiquetas, Sea el primero en etiquetar este registro!
|
| LEADER | 00844cam a2200241 a 4500 | ||
|---|---|---|---|
| 001 | MAT.inmabb005567 | ||
| 008 | 840510s1965####nyua#####b####000#0#eng## | ||
| 005 | 20130226145828.0 | ||
| 245 | 1 | 0 | |a How to gamble if you must ; |b inequalities for stochastic processes / |c [by] Lester E. Dubins [and] Leonard J. Savage. |
| 260 | |a New York : |b McGraw-Hill, |c [1965] | ||
| 300 | |a xiv, 249 p. : |b il. ; |c 23 cm. | ||
| 440 | 0 | |a McGraw-Hill series in probability and statistics | |
| 504 | |a Bibliografía: p. 233-237. | ||
| 510 | 4 | |a MR, |c 38 #5276 | |
| 100 | 1 | |a Dubins, Lester E., |d 1920- | |
| 700 | 1 | |a Savage, Leonard J. | |
| 650 | 0 | |a Games of chance (Mathematics) | |
| 650 | 0 | |a Gambling. | |
| 650 | 0 | |a Stochastic inequalities. | |
| 084 | |a 60Gxx (91A60) |2 msc2000 | ||
| 010 | |a 64066021 | ||
| 040 | |a DLC/ICU |c ICU |d DLC | ||
| 859 | |h 60 |i D814 |p A-2231 |b BIB. MATEMATICA | ||
